000 004880000a22001450004500
090 _aAR
_b00290
245 1 0 _aDoing something about the weather: none of can control the climate individually, but one expert argues that humanity can and should
650 1 4 _aProblemas ambientales
_914279
650 1 4 _aCambio global
_94262
650 1 4 _aMedio ambiente
_992195
041 0 _aInglés
100 1 _aSchneider, Stephen H.
_993058
942 _cARTICULO
773 1 _tWorld Monitor
_3118
_q29-37
_d1988
999 _c9389
_d9389